Guess the Population - Cities - Statistics

General Stats
  • This quiz has been taken 10 times
  • The average score is 5 of 15
Answer Stats
Question Answer % Correct
Perth 2-5 million
60%
Dar es salaam 5-10 million
60%
Vancouver 2-5 million
50%
San Jose 1-2 million
40%
Bucharest 2-5 million
40%
Bratislava 300 thousand - 1 million
40%
Thimphu <300 thousand
40%
Chongqing 10-20 million
30%
Lagos 10-20 million
30%
Osaka 10-20 million
30%
Moscow 20-30 million
20%
Karachi 20-30 million
20%
San francisco 2-5 million
20%
Tashkent 2-5 million
20%
Alexandria 5-10 million
20%
No matching quizzes found
Score Distribution
Percent of People with Each Score
Percentile by Number Answered
Your Score History
You have not taken this quiz